000 00880nam a22002057a 4500
999 _c7047
_d7047
003 AR-CdUCM
008 190319b ||||| |||| 00| 0 spa d
040 _aMUNICIPALIDAD PROVINCIAL DEL CUSCO
_cBIBLIOTECA MUNICIPAL DEL CUSCO
082 _a869.56 /
_bF66
100 _aFlorian, Mario
_914609
245 _aObra poética escogida, 1940 - 1976 /
260 _aLima :
_bLibreria Studium :
_b[Talleres gráficos del Centro de Proyección Cristiana],
_c1977.
300 _a321 páginas ;
_c20.5 cm.
505 _aContenido: Tono de fauna: égloga. 1940 -- Noval: canto panteísta. 1943 -- Urpi: 1944 -- Tierras del sol: 1945 -- Arte mural: 1947-1949 -- El juglar andinista: serranilla y pastoral. 1951 ...
650 _aPoesía peruana - Antología
_919851
650 _aPoetas peruanos
_91611
650 _aPoesía - Indígenas
_919852
942 _2ddc
_cLIBROS
945 _alccs